00586nam a22001575i 4500001000700000003000900007005001700016008004100033040003000074100004600104245009400150260004300244300002100287650002000308852010000328160370ES-MaACL20250930063140.0990505s1890 sp |||| | spa d aCCPB | B bspa cCCPB | B1 aMuñoz del Castillo, José, d1850-192610aUnidades físicas b: tratado elemental de física / cpor José Muñoz del Castillo. aMadrid : bCelestino Apaolaza, c1890. a62 p. ; c20 cm.07aFísica2embne aES-MaACLjT-1427-F-3 z-- Enc. hol., conservando la cub. original z-- Enc. en un vol. facticio